| 000 | 00613nam a2200205Ia 4500 | ||
|---|---|---|---|
| 008 | 151119s9999||||xx |||||||||||||| ||und|| | ||
| 082 | _a928 पै/निवड | ||
| 082 | _bGKKV32559 | ||
| 100 | _aपै शिरीष | ||
| 245 | _aनिवडक शिरीष पै | ||
| 260 | _aमुंबई | ||
| 260 | _bमनोरमा प्रकाशन | ||
| 260 | _c2013 | ||
| 300 | _a392p. | ||
| 600 | _aपै शिरीष | ||
| 630 | _aनिवडक शिरीष पै | ||
| 700 | _aपै शिरीष | ||
| 730 | _aनिवडक शिरीष पै | ||
| 942 | _cBOOK | ||
| 999 |
_c1084861 _d1084858 |
||